| 000 | 00759nam a2200277Ia 4500 | ||
|---|---|---|---|
| 001 | 7905 | ||
| 005 | 20240113234041.0 | ||
| 007 | ta | ||
| 008 | 050714s1996 a g b000 u hin u | ||
| 020 | _a81-7178-599-X | ||
| 040 | _aCotton College Assam | ||
| 041 | _ahin | ||
| 082 |
_a891.43954 _bSh 11 Bh |
||
| 100 | _aSharma, Ram Bilas . | ||
| 245 | 0 |
_aBharatiya Sahitya ki Bhumika / _cRam Bilas Sharma. _hTextual Documents |
|
| 250 | _a1st ed. / | ||
| 260 |
_aDelhi : _bRajkamal prakashan , _c1996. |
||
| 300 |
_a388p. : _bill ; _c22cm . |
||
| 504 | _aBib | ||
| 653 | _aHindi literature-History and Criticism | ||
| 653 | _aCriticism Hindi Literature | ||
| 653 | _aMS-Hindi | ||
| 942 |
_2ddc _cBK |
||
| 999 |
_c7892 _d7892 |
||